000 01103cam a2200229 4500
001 WB3928-02
008 030724n2003 000 0 eng u
035 _a(Sirsi) u123114
245 _aOffice rents at lowest rate for a decade
260 _c2003
490 _aEstates Gazette
_v(0329) 19 July 2003, 33(1)
520 _aOffice rents fell at their fastest rate for ten years in the second quarter of 2003, dropping by 7.5% over the quarter, according to the latest Jones Lang LaSalle (JLL) UK property index figures. Annual returns for the same quarter, at 3.3%, were also at their lowest level for 10 years, claims JLL. However, the report predicted that office rental growth would improve in 2005, although with regional variations. http://www.joneslanglasalle.co.uk
590 _aWB
650 _aOFFICE RENTS
650 _aJONES LANG LASALLE
650 _aRESEARCH REPORTS
650 _aINDEXES
650 _aPROPERTY-COMMERCIAL PROPERTY-OFFICE PROPERTY-OFFICE PROPERTY MARKET
650 _aDOWNTURN
690 _aPROPERTY-COMMERCIAL PROPERTY-COMMERCIAL PROPERTY MARKET
942 _n0
999 _c73104
_d73104